Normal view
MARC view
- تقديم العاني، عبدالحميد
Entry Personal Name
001 - CONTROL NUMBER
- control field: 64081
003 - CONTROL NUMBER IDENTIFIER
- control field: JO-AjAnu
005 - DATE AND TIME OF LATEST TRANSACTION
- control field: 20230606084445.0
008 - FIXED-LENGTH DATA ELEMENTS
- fixed length control field: 230606|| aca||aabn | a|a d
040 ## - CATALOGING SOURCE
- Original cataloging agency: JO-AjAnu
- Transcribing agency: JO-AjAnu
100 ## - HEADING--PERSONAL NAME
- Personal name: تقديم العاني، عبدالحميد
670 ## - SOURCE DATA FOUND
- Source citation: Work cat.: (JO-AjAnu)32669: تقديم العاني، عبدالحميد , author, التصريحات الصحفية لهيئة علماء المسلمين في العراق-رصد إعلامي لأحداث ومواقف ووقائع الاحتلال الأمريكي والهيمنة الإيرانية في العراق (2003-2015م)، ج2